Applied predictive modeling
Saved in:
| Main Author: | |
|---|---|
| Other Authors: | |
| Format: | Book |
| Language: | English |
| Published: |
New York
Springer
2013
|
| Subjects: | |
| Tags: |
No Tags, Be the first to tag this record!
|
MARC
| LEADER | 00000nam a2200000 4500 | ||
|---|---|---|---|
| 001 | 0235672 | ||
| 005 | 20240306140202.8 | ||
| 020 | |a 978-1-4614-6848-6 | ||
| 041 | 0 | |a eng | |
| 044 | |a US | ||
| 245 | 1 | 0 | |a Applied predictive modeling |c Max Kuhn, Kjell Johnson |
| 264 | 1 | |a New York |b Springer |c 2013 | |
| 300 | |a 600 s. | ||
| 610 | 2 | 0 | |a prognózovanie |
| 610 | 2 | 0 | |a báza dát |
| 610 | 2 | 0 | |a analýza dát |
| 610 | 2 | 0 | |a rozhodovanie |
| 610 | 2 | 0 | |a modelovanie |
| 610 | 2 | 0 | |a modely regresné |
| 610 | 2 | 0 | |a regresia |
| 610 | 2 | 0 | |a klasifikácia |
| 610 | 2 | 0 | |a modely lineárne |
| 610 | 2 | 0 | |a analýzy |
| 610 | 2 | 0 | |a štúdie prípadové |
| 100 | 1 | |a Kuhn, Max | |
| 700 | 1 | |a Johnson, Kjell | |